Zagraniczni żużlowcy występujący w klubie z Torunia - Statystyki

Ogólne statystyki
  • Ten quiz został rozwiązany 326 razy
    60 od ostatniego zresetowania
  • Średni wynik to 21 z 48
Statystyki odpowiedzi
Narodowość Lata startów Odpowiedź % Poprawnych
Australia 2008-2021 Chris Holder
94%
Australia 2017-22 Jack Holder
94%
Wielka Brytania 2021-25 Robert Lambert
91%
USA 2016-17 Greg Hancock
89%
Rosja 2014, 23-25 Emil Sayfutdinow
87%
Słowacja 2016 Martin Vaculik
83%
Norwegia 2011, 2018-19 Rune Holta
83%
Rosja 2015 Grigorij Łaguta
81%
Australia 1996-98, 2000, 2007-13 Ryan Sullivan
77%
Szwecja 2001-03 Tony Rickardsson
77%
Australia 2009-10, 2012-14 Darcy Ward
70%
Dania 2010-11, 2017 Michael Jepsen Jensen
70%
Australia 2015, 2018-19 Jason Doyle
68%
Szwecja 1991-94 Per Jonsson
68%
Dania 1999, 2006 Bjarne Pedersen
66%
Słowenia 2007 Matej Zagar
66%
Czechy 2006-07 Ales Dryml
64%
Australia 2003-05 Jason Crump
64%
Szwecja 2001 Andreas Jonsson
62%
Dania 2006, 2018-19 Niels K Iversen
60%
Rosja 2014, 2020 Wiktor Kulakow
60%
Niemcy 2009 Martin Smolinski
55%
Wielka Brytania 2024 Anders Rowe
49%
Dania 2023-24 Nicolai Heiselberg
47%
Dania 2008, 2010 Hans Andersen
43%
Wielka Brytania 1993-97 Mark Loram
32%
Czechy 2009, 2013 Matej Kus
32%
USA 1993 John Cook
23%
Dania 2023 Emil Portner
21%
Szwecja 1992 Henrik Gustafsson
21%
Wielka Brytania 2005 Andy Smith
19%
Wielka Brytania 2013 Edward Kennett
19%
Szwecja 1999-2000 Peter Karlsson
17%
Szwecja 1991 Peter Nahlin
13%
Australia/Polska 2008 Robert Ksiezak
13%
Szwecja 2002 Stefan Danno
13%
Szwecja 1999-2000 Stefan Andersson
11%
Australia 1998, 2007 Steve Johnston
11%
Rosja 1995 Grigorij Charczenko
9%
Szwecja 2007 Robin Tornqvist
9%
Wielka Brytania 2006 Simon Stead
9%
Czechy 1998 Tomas Topinka
9%
Szwecja 1990, 1994 Christer Rohlen
6%
Finlandia 1991 Vesa Ylinen
6%
Łotwa 1992 Władimir Woronkow
6%
Wielka Brytania 1999 David Norris
4%
Dania 1999-2000 Gert Handberg
4%
Szwecja 1991 Kenneth Nystroem
4%
Nie znaleziono quizów pasujących do podanych kryteriów
Rozkład punktacji
Procent ludzi z każdym wynikiem
Percentyl według liczby udzielonych odpowiedzi
Twoja historia wyników
Nie rozwiązałeś tego quizu od ostatniego zresetowania